000
00266nam a22000977a 4500
999
_c
11233
_d
11233
008
181106b ||||| |||| 00| 0 eng d
020
_a
9788183507653
100
_a
Grewals,T.S.
_9
3993
245
_a
Double Entry Book Keeping -XII
260
_a
New Delhi
_b
Sultan Chand
_c
2018